| 000 | 00458nam a2200181Ia 4500 | ||
|---|---|---|---|
| 003 | STCL | ||
| 008 | 181203s9999 xx 000 0 und d | ||
| 020 | _a9789380929972 | ||
| 040 |
_aSTCL _bEN _cSTCL |
||
| 082 | _222 | ||
| 100 | _aSoni, Suman | ||
| 245 | 0 | _aGlobalization, Society and Social Work | |
| 246 | _aGlobalisation, Society and Social Work | ||
| 260 |
_bDND Publications _aJaipur _c2016 |
||
| 300 | _a263 | ||
| 546 | _aEnglish | ||
| 942 |
_2ddc _cBK |
||
| 999 |
_c84565 _d84565 |
||